| 000 | 00679nam a22002057a 4500 | ||
|---|---|---|---|
| 005 | 20230615103723.0 | ||
| 008 | 230613b ||||| |||| 00| 0 eng d | ||
| 040 | _cAL | ||
| 041 | _aGerman | ||
| 082 |
_223 _a241.4 _bBORA |
||
| 100 |
_aLadislaus Boros _9123989 |
||
| 245 | _aAus Der Hoffnung Leben: Zukunftserwartung in Christlichem Denken Living From Hope: Expections of the Future in Christian Thinking | ||
| 260 |
_aOlten _bWalter Verlag _c1968 |
||
| 300 |
_a121 p. _bPB _c20x12 cm. |
||
| 650 |
_aHope--Religious aspects--Christianity _9123758 |
||
| 650 |
_aEschatology _9123759 |
||
| 690 |
_aReligion _9123990 |
||
| 700 |
_aBOROS (Ladislaus) _9123760 |
||
| 942 |
_2ddc _cDB |
||
| 999 |
_c227508 _d227508 |
||